| 000 | 01342nam a2200361Ia 4500 | ||
|---|---|---|---|
| 001 | Z_6664 | ||
| 003 | CHAP | ||
| 005 | 20230705151206.0 | ||
| 008 | 220113s2014 xx 000 0 und d | ||
| 010 | _a169935 | ||
| 040 | _cCHAP | ||
| 090 | _aTesis C783 2370 | ||
| 100 |
_aCruz Rosas, Francisco _9128819 |
||
| 245 |
_aDiagnóstico de la avicultura de traspatio en el Estado de Oaxaca / _cFrancisco Cruz Rosas y Florencia Sánchez López |
||
| 260 |
_aMéxico : _bEl autor, _c2014 |
||
| 300 | _a51 p. | ||
| 502 | _aTesis (Ingeniero Agrónomo Especialista en Zootecnia) -- UACh, 2014 \ Dirección: Mariano Jesús González Alcorta; asesoría: Manrrubio Muñoz Rodríguez y Enrique Cortés Díaz | ||
| 650 |
_aAves de traspatio _9145522 |
||
| 650 |
_aAvicultura _98703 |
||
| 650 |
_aComportamiento productivo _9143438 |
||
| 650 |
_aProducción de huevo _9145523 |
||
| 650 |
_aRegiones de Oaxaca _9145524 |
||
| 700 |
_a Cortés Díaz, Enrique, asesor _9141473 |
||
| 700 |
_a González Alcorta, Mariano Jesús, director _9145525 |
||
| 700 |
_a Muñoz Rodríguez, Manrrubio, asesor _9144775 |
||
| 700 |
_aSánchez López, Florencia, coaut. _9145526 |
||
| 856 | 4 | 2 |
_uhttp://10.13.5.2/tesis/sist111028.pdf _yDescargar PDF |
| 901 | _aTESIS C783 2370 | ||
| 902 | _aM | ||
| 910 | _a2014 | ||
| 942 |
_c2 _2ddc |
||
| 942 |
_c2 _2ddc |
||
| 999 |
_c169935 _d169935 |
||